[Event "IX American Continental Classical Championship 201"]
[Site "Hotel Pipa AtlÃ¢ntico - Praia da Pipa - Rio Grande"]
[Date "2014.10.20"]
[Round "4"]
[Board "89"]
[White "De Barros E Silva, Byron Veras"]
[Black "Dantas, Isaac Pereira"]
[Result "1-0"]
[WhiteElo "1853"]
[BlackElo "1633"]
[PlyCount "69"]
[EventDate "2014.10.18"]
[EventRounds "11"]
[EventCountry "BRA"]

1. f4 c5 2. c4 d6 3. Nf3 Nf6 4. e3 Nc6 5. Be2 Bf5 6. a3 e6 7. d3 Be7 8. O-O O-O
9. Nh4 Bg6 10. Nxg6 fxg6 11. Bd2 d5 12. b3 dxc4 13. bxc4 e5 14. fxe5 Nxe5 15.
Bc3 Qc7 16. d4 cxd4 17. Bxd4 Nc6 18. Bc3 Rad8 19. Qb3 Kh8 20. Nd2 Bc5 21. Rf3
Rfe8 22. Nf1 Re6 23. Kh1 Rde8 24. Qb2 Ng4 25. Bd4 Bxd4 26. exd4 Rxe2 27. Qxe2
Qd7 28. Qd3 Qxd4 29. Qxd4 Nxd4 30. Rf4 Nc2 31. Ra2 Nge3 32. Kg1 Nxf1 33. Rxc2
Ne3 34. Re2 Kg8 35. Rf3 1-0

[Event "IX American Continental Classical Championship 201"]
[Site "Hotel Pipa AtlÃ¢ntico - Praia da Pipa - Rio Grande"]
[Date "2014.10.20"]
[Round "4"]
[Board "90"]
[White "Pereira Fo, Hildebrando Apolon"]
[Black "Schucman, Rebeca Lot"]
[Result "0-1"]
[WhiteElo "1803"]
[BlackElo "1619"]
[PlyCount "120"]
[EventDate "2014.10.18"]
[EventRounds "11"]
[EventCountry "BRA"]

1. c4 c5 2. Nf3 Nc6 3. d3 g6 4. g3 Bg7 5. Bg2 d6 6. Nc3 Nf6 7. O-O O-O 8. Bd2
h6 9. a3 Be6 10. Qc2 Qd7 11. Rfd1 Bh3 12. Be1 Bxg2 13. Kxg2 Nd4 14. Nxd4 cxd4
15. Ne4 Nxe4 16. dxe4 Rac8 17. Qd3 h5 18. f3 Rc7 19. b3 Rfc8 20. Bf2 b5 21.
Rdc1 bxc4 22. Rxc4 Rxc4 23. bxc4 Qa4 24. Bxd4 Qxc4 25. Qxc4 Rxc4 26. Bxg7 Kxg7
27. Kf2 Rc3 28. Ke1 Rc2 29. Kd1 Rb2 30. Ke1 Kf6 31. Kf2 Rb3 32. f4 g5 33. f5
Ke5 34. Rc1 Rxa3 35. Rc7 Kf6 36. h3 a5 37. Ra7 a4 38. Ra5 Ra1 39. Ra7 a3 40.
Ra5 a2 41. Ra7 e6 42. g4 h4 43. Kg2 Ke5 44. Ra4 Kf4 45. Kf2 Rh1 46. Rxa2 Rxh3
47. Ra7 Rh2+ 48. Kf1 h3 49. Rxf7 Ke3 50. Kg1 Rg2+ 51. Kh1 exf5 52. exf5 Rxg4
53. Re7+ Kf2 54. Kh2 Rh4 55. f6 Rf4 56. f7 g4 57. e3 Rf6 58. Ra7 g3+ 59. Kxh3
g2 60. Ra2+ Kf3 0-1

[Event "IX American Continental Classical Championship 201"]
[Site "Hotel Pipa AtlÃ¢ntico - Praia da Pipa - Rio Grande"]
[Date "2014.10.20"]
[Round "4"]
[Board "91"]
[White "Farias, Sergio Luiz Cardoso"]
[Black "Da Silva, Antonio Dutra"]
[Result "1-0"]
[WhiteElo "1575"]
[BlackElo "1747"]
[PlyCount "55"]
[EventDate "2014.10.18"]
[EventRounds "11"]
[EventCountry "BRA"]

1. e4 e5 2. Nf3 Nc6 3. d4 exd4 4. Nxd4 g6 5. Nc3 Bg7 6. Nb3 Nf6 7. Bd3 O-O 8.
O-O d5 9. Re1 a6 10. e5 Ng4 11. e6 f5 12. Be2 Nf6 13. Bf3 d4 14. Na4 Nd5 15.
Nac5 Qd6 16. g3 b6 17. c4 Nde7 18. Bf4 Be5 19. Bxc6 Qxc6 20. Rxe5 bxc5 21. Rxc5
Qe8 22. Rxc7 Bxe6 23. Qe2 Bd7 24. Nc5 Rc8 25. Nxd7 Rxc7 26. Qe6+ Rf7 27. Bxc7
Qa8 28. Ne5 1-0

[Event "IX American Continental Classical Championship 201"]
[Site "Hotel Pipa AtlÃ¢ntico - Praia da Pipa - Rio Grande"]
[Date "2014.10.20"]
[Round "4"]
[Board "92"]
[White "Feitosa, Jocelenilson Nunes"]
[Black "Do Nascimento, Denner Leonardo"]
[Result "0-1"]
[WhiteElo "1731"]
[BlackElo "1555"]
[PlyCount "92"]
[EventDate "2014.10.18"]
[EventRounds "11"]
[EventCountry "BRA"]

1. Nf3 Nf6 2. c4 g6 3. d4 Bg7 4. Nc3 O-O 5. e4 d6 6. Bd3 e5 7. d5 Nbd7 8. Bg5
h6 9. Bh4 g5 10. Bg3 Nh5 11. Qc2 Nc5 12. Be2 f5 13. h3 Nxg3 14. fxg3 Nxe4 15.
Nxe4 fxe4 16. Qxe4 Bf5 17. Qe3 c6 18. g4 Qa5+ 19. Nd2 Bg6 20. Qc3 Qxc3 21. bxc3
cxd5 22. cxd5 e4 23. Rc1 Rac8 24. Nc4 Rc5 25. Rf1 Rxf1+ 26. Kxf1 Rxd5 27. Ne3
Rc5 28. c4 b5 29. Rd1 Bf8 30. cxb5 Be8 31. a4 Bf7 32. a5 d5 33. Rb1 d4 34. Nf5
d3 35. b6 d2 36. b7 Rc1+ 37. Kf2 Bc5+ 38. Ne3 Rxb1 39. a6 Bd5 40. Bd1 Bxb7 41.
axb7 Rxb7 42. Ke2 Bxe3 43. Kxe3 Rd7 44. g3 a5 45. h4 Kg7 46. Ba4 Rd6 0-1

[Event "IX American Continental Classical Championship 201"]
[Site "Hotel Pipa AtlÃ¢ntico - Praia da Pipa - Rio Grande"]
[Date "2014.10.20"]
[Round "4"]
[Board "93"]
[White "Scardini, Leonardo"]
[Black "Dantas, Rhuan De Araujo"]
[Result "0-1"]
[WhiteElo "1522"]
[BlackElo "1719"]
[PlyCount "86"]
[EventDate "2014.10.18"]
[EventRounds "11"]
[EventCountry "BRA"]

1. d4 Nf6 2. c4 e6 3. Nf3 d5 4. Nc3 Be7 5. Bf4 c6 6. e3 O-O 7. Qc2 Nbd7 8. h3
dxc4 9. Bxc4 Nd5 10. Nxd5 exd5 11. Bd3 Nf6 12. O-O Bd6 13. Bxd6 Qxd6 14. Rac1
h6 15. a3 Re8 16. Rfe1 Ne4 17. Nd2 f5 18. Nf1 g6 19. f3 Ng3 20. Qf2 Nxf1 21.
Kxf1 Kg7 22. Kg1 Bd7 23. b4 a5 24. Qb2 axb4 25. axb4 Ra4 26. Rb1 Rea8 27. Qc3
Ra2 28. e4 fxe4 29. fxe4 Qg3 30. Rb2 Rxb2 31. Qxb2 Qxe1+ 32. Kh2 dxe4 33. d5+
Kf7 34. Qe5 Ra1 35. Bxe4 Qg1+ 36. Kg3 Ra3+ 37. Bf3 Qe3 38. Qc7 Qg5+ 39. Kh2 Qe7
40. Qf4+ Kg7 41. d6 Qf6 42. Qd2 Qe5+ 43. Kg1 Qe3+ 0-1

[Event "IX American Continental Classical Championship 201"]
[Site "Hotel Pipa AtlÃ¢ntico - Praia da Pipa - Rio Grande"]
[Date "2014.10.20"]
[Round "4"]
[Board "94"]
[White "Presa, Luis Alberto Passos"]
[Black "Born, Ary"]
[Result "1-0"]
[WhiteElo "1701"]
[BlackElo "1453"]
[PlyCount "98"]
[EventDate "2014.10.18"]
[EventRounds "11"]
[EventCountry "BRA"]

1. Nf3 c5 2. c4 d5 3. cxd5 Nf6 4. Nc3 a6 5. d3 Nxd5 6. g3 e6 7. Bg2 Be7 8. O-O
Nxc3 9. bxc3 Qa5 10. Qb3 Ra7 11. Bd2 Bf6 12. c4 Qc7 13. Rab1 O-O 14. Bc3 e5 15.
Nd2 Nd7 16. Ne4 Be7 17. Bd2 h6 18. Nc3 Nf6 19. Nd5 Nxd5 20. Bxd5 Kh8 21. Rb2 f5
22. f4 Bd6 23. e3 b5 24. cxb5 axb5 25. Qxb5 Bd7 26. Qb6 Rb8 27. Qxc7 Bxc7 28.
Rfb1 Rxb2 29. Rxb2 c4 30. dxc4 Bd6 31. Rb7 Bc5 32. Rxa7 Bxa7 33. Kf2 g5 34. Kf3
gxf4 35. gxf4 exf4 36. exf4 Bd4 37. Be3 Bb2 38. Bb6 Ba4 39. Be6 Bc6+ 40. Bd5
Ba4 41. Bb7 Bd1+ 42. Kg3 Bc3 43. Bf2 Kg8 44. c5 Kf7 45. c6 h5 46. c7 h4+ 47.
Kxh4 Kg6 48. c8=Q Bf6+ 49. Kg3 Kh5 1-0

[Event "IX American Continental Classical Championship 201"]
[Site "Hotel Pipa AtlÃ¢ntico - Praia da Pipa - Rio Grande"]
[Date "2014.10.20"]
[Round "4"]
[Board "95"]
[White "Sousa, Virginio Aleixo Da Silv"]
[Black "Felix, Dieggo Guerra"]
[Result "0-1"]
[WhiteElo "1499"]
[BlackElo "1656"]
[PlyCount "118"]
[EventDate "2014.10.18"]
[EventRounds "11"]
[EventCountry "BRA"]

1. d4 Nf6 2. c4 e6 3. Nf3 b6 4. Nc3 Bb4 5. Qc2 Bb7 6. Bg5 c5 7. dxc5 Bxc5 8.
Bd2 d5 9. cxd5 Nxd5 10. Nxd5 Bxd5 11. a3 h6 12. Rd1 Qc7 13. Bc3 O-O 14. g3 Bxf3
15. exf3 Nc6 16. Bg2 Rad8 17. O-O Ne7 18. Qb1 Nd5 19. Bd4 Bxd4 20. Rxd4 Nf6 21.
Rxd8 Rxd8 22. f4 Rc8 23. Rd1 Qc2 24. Qxc2 Rxc2 25. Rd8+ Kh7 26. Ra8 a5 27. b4
axb4 28. axb4 Rb2 29. Ra7 Rb1+ 30. Bf1 Kg6 31. b5 Nd5 32. Kg2 Kf6 33. Rb7 Rb2
34. Rd7 Ne3+ 35. Kg1 Nxf1 36. Kxf1 Rxb5 37. Kg2 Rb3 38. Rb7 b5 39. h3 b4 40. g4
g5 41. f5 exf5 42. gxf5 Rb2 43. Kg3 h5 44. Kf3 b3 45. Ke3 Rb1 46. Kd2 Rb2+ 47.
Kc3 Rxf2 48. Rb6+ Kxf5 49. Rb5+ Kg6 50. h4 Rf5 51. Rb6+ f6 52. hxg5 Kxg5 53.
Kb2 Rf3 54. Rb8 h4 55. Kc1 h3 56. Rh8 Kf4 57. Rh4+ Kg3 58. Rd4 h2 59. Rd1 Kg2
 0-1

[Event "IX American Continental Classical Championship 201"]
[Site "Hotel Pipa AtlÃ¢ntico - Praia da Pipa - Rio Grande"]
[Date "2014.10.21"]
[Round "5"]
[Board "1"]
[White "Barbosa, Evandro Amorim"]
[Black "Shabalov, Alexander"]
[Result "0-1"]
[WhiteElo "2449"]
[BlackElo "2499"]
[PlyCount "60"]
[EventDate "2014.10.18"]
[EventRounds "11"]
[EventCountry "BRA"]

1. e4 c5 2. Nf3 d6 3. d4 cxd4 4. Nxd4 Nf6 5. Nc3 a6 6. Be3 e5 7. Nb3 Be6 8. f3
h5 9. Qd2 Nbd7 10. Nd5 Bxd5 11. exd5 g6 12. Be2 Bg7 13. O-O O-O 14. Rac1 a5 15.
c4 a4 16. Na1 e4 17. Nc2 exf3 18. gxf3 Re8 19. Kh1 Nh7 20. Rb1 Qh4 21. Bf2 Qh3
22. Rg1 Bh6 23. Qxh6 Rxe2 24. Rg3 Qf5 25. Rbg1 Rxf2 26. Rxg6+ fxg6 27. Rxg6+
Qxg6 28. Qxg6+ Kh8 29. Nd4 Rg8 30. Qd3 Ne5 0-1

[Event "IX American Continental Classical Championship 201"]
[Site "Hotel Pipa AtlÃ¢ntico - Praia da Pipa - Rio Grande"]
[Date "2014.10.21"]
[Round "5"]
[Board "2"]
[White "Cruz, Cristhian"]
[Black "Granda Zuniga, Julio E"]
[Result "1/2-1/2"]
[WhiteElo "2557"]
[BlackElo "2674"]
[PlyCount "49"]
[EventDate "2014.10.18"]
[EventRounds "11"]
[EventCountry "BRA"]

1. d4 Nf6 2. c4 e6 3. g3 c5 4. d5 exd5 5. cxd5 d6 6. Nc3 g6 7. Bg2 Bg7 8. Nf3
O-O 9. O-O Re8 10. Bf4 Na6 11. Nd2 Nh5 12. Be3 Nc7 13. a4 b6 14. Nc4 Ba6 15.
Na3 Qd7 16. Qd2 Bxc3 17. bxc3 Qxa4 18. Bf3 Nf6 19. c4 Qd7 20. Qc3 Qd8 21. Bg5
Re5 22. Bf4 Re8 23. Bg5 Re5 24. Bf4 Re8 25. Bg5 1/2-1/2

[Event "IX American Continental Classical Championship 201"]
[Site "Hotel Pipa AtlÃ¢ntico - Praia da Pipa - Rio Grande"]
[Date "2014.10.21"]
[Round "5"]
[Board "3"]
[White "Perez Ponsa, Federico"]
[Black "Leitao, Rafael"]
[Result "1/2-1/2"]
[WhiteElo "2536"]
[BlackElo "2636"]
[PlyCount "43"]
[EventDate "2014.10.18"]
[EventRounds "11"]
[EventCountry "BRA"]

1. d4 d5 2. c4 c6 3. Nf3 Nf6 4. e3 Bg4 5. Qb3 Qb6 6. Ne5 Be6 7. Nc3 g6 8. Na4
Qxb3 9. axb3 Nbd7 10. Nxd7 Nxd7 11. Bd2 Bg7 12. Bb4 f5 13. Nc3 Kf7 14. cxd5
Bxd5 15. Nxd5 cxd5 16. Be2 Rhc8 17. Bc3 e5 18. Bf3 Ke6 19. Ra5 Nf6 20. dxe5 Ne4
21. Bxe4 fxe4 22. f4 1/2-1/2

[Event "IX American Continental Classical Championship 201"]
[Site "Hotel Pipa AtlÃ¢ntico - Praia da Pipa - Rio Grande"]
[Date "2014.10.21"]
[Round "5"]
[Board "5"]
[White "Ortiz Suarez, Isan Reynaldo"]
[Black "Matsuura, Everaldo"]
[Result "1/2-1/2"]
[WhiteElo "2611"]
[BlackElo "2486"]
[PlyCount "196"]
[EventDate "2014.10.18"]
[EventRounds "11"]
[EventCountry "BRA"]

1. e4 e5 2. Nf3 Nc6 3. Bb5 g6 4. O-O Bg7 5. c3 a6 6. Ba4 d6 7. h3 Nf6 8. d4 Bd7
9. Re1 O-O 10. Nbd2 Nh5 11. Nf1 h6 12. Ne3 Re8 13. dxe5 dxe5 14. Bb3 Nf4 15.
Nd5 Nxd5 16. Bxd5 Be6 17. Bxe6 Rxe6 18. Qb3 b6 19. Be3 Qe8 20. Rad1 Na5 21. Qc2
Nc4 22. Rd5 Rd8 23. Rxd8 Qxd8 24. Bc1 Qa8 25. b3 Nd6 26. c4 Qc6 27. Bb2 b5 28.
Nd2 bxc4 29. Rc1 Qa8 30. bxc4 Nb7 31. Nb3 Rd6 32. Ba3 Rc6 33. Qd3 Qd8 34. Qd5
Rb6 35. c5 Rb5 36. Qc6 Na5 37. Qxa6 Nxb3 38. Qxb5 Nxc1 39. Bxc1 Qd1+ 40. Qf1
Qc2 41. a4 Qxa4 42. Qd3 c6 43. Be3 h5 44. Qd8+ Kh7 45. Qd7 f6 46. f3 Qb5 47.
Bf2 Qa6 48. Kh2 Qb5 49. Qf7 Qb2 50. Bg1 Qb5 51. Qc7 Qa4 52. Kh1 Qb5 53. Qb6 Qa4
54. Qb7 Kg8 55. Qc8+ Kh7 56. Qe6 Qb5 57. Kh2 Qa4 58. Bf2 Qb5 59. Qd7 Qa6 60. h4
Qe2 61. Kg1 Qb5 62. g3 Qa4 63. Kg2 Qb5 64. g4 hxg4 65. Qxg4 Bh6 66. Qd7+ Bg7
67. Qf7 Qa6 68. h5 gxh5 69. Qxh5+ Kg8 70. Qe8+ Kh7 71. Qd7 Qb5 72. Kg3 Qa6 73.
Kg4 Qf1 74. Bg3 Qc1 75. Qf5+ Kg8 76. Qe6+ Kh7 77. Qf5+ Kg8 78. Qe6+ Kh7 79.
Qxc6 Qg5+ 80. Kh3 Qh6+ 81. Kg2 Qd2+ 82. Bf2 Qg5+ 83. Kf1 Qc1+ 84. Kg2 Qg5+ 85.
Kf1 Qc1+ 86. Be1 Qe3 87. Qd5 Qxf3+ 88. Bf2 Qh3+ 89. Ke2 Qh5+ 90. Kd2 Qh2 91.
Ke2 Qh5+ 92. Kf1 Qh1+ 93. Bg1 Qf3+ 94. Ke1 Qh1 95. Kf2 Qh4+ 96. Ke2 Qg4+ 97.
Kf1 Qh3+ 98. Ke1 Qh1 1/2-1/2

[Event "IX American Continental Classical Championship 201"]
[Site "Hotel Pipa AtlÃ¢ntico - Praia da Pipa - Rio Grande"]
[Date "2014.10.21"]
[Round "5"]
[Board "7"]
[White "Felgaer, Ruben"]
[Black "Gonzalez Acosta, Bernal"]
[Result "1-0"]
[WhiteElo "2577"]
[BlackElo "2478"]
[PlyCount "80"]
[EventDate "2014.10.18"]
[EventRounds "11"]
[EventCountry "BRA"]

1. e4 c6 2. d4 d5 3. Nc3 dxe4 4. Nxe4 Nd7 5. Nf3 Ngf6 6. Nxf6+ Nxf6 7. Bc4 e6
8. O-O Be7 9. Qe2 O-O 10. c3 c5 11. dxc5 Bxc5 12. Bg5 Be7 13. Rad1 Qc7 14. Ne5
Nd5 15. Bc1 Bd6 16. Nf3 b6 17. Bxd5 exd5 18. h3 Bf5 19. Nd4 Rfe8 20. Be3 Be4
21. Rfe1 a6 22. Qg4 Bg6 23. Nf5 Bh2+ 24. Kh1 Re5 25. Kxh2 Rxe3+ 26. Ng3 Rxe1
27. Rxe1 h5 28. Qg5 Qd8 29. Qe5 h4 30. Nf1 Qd7 31. Qd4 Qc7+ 32. Kg1 Qc4 33.
Qxb6 Qxa2 34. Ne3 Re8 35. Rd1 Bh5 36. f3 Bg6 37. Nxd5 Bc2 38. Nb4 Qb3 39. Rd8
Rxd8 40. Qxd8+ Kh7 1-0

[Event "IX American Continental Classical Championship 201"]
[Site "Hotel Pipa AtlÃ¢ntico - Praia da Pipa - Rio Grande"]
[Date "2014.10.21"]
[Round "5"]
[Board "8"]
[White "Pichot, Alan"]
[Black "Kaidanov, Gregory S"]
[Result "0-1"]
[WhiteElo "2473"]
[BlackElo "2569"]
[PlyCount "108"]
[EventDate "2014.10.18"]
[EventRounds "11"]
[EventCountry "BRA"]

1. e4 e6 2. d4 d5 3. Nd2 Be7 4. Ngf3 Nf6 5. Bd3 c5 6. dxc5 dxe4 7. Nxe4 Nxe4 8.
Bxe4 Qxd1+ 9. Kxd1 Bxc5 10. Ke2 Nd7 11. Be3 Bxe3 12. Kxe3 Nc5 13. Rad1 Ke7 14.
Rd2 Nxe4 15. Kxe4 Bd7 16. Ne5 Be8 17. f4 f6 18. Nf3 Bc6+ 19. Ke3 Rhd8 20. c3
Rxd2 21. Kxd2 Rd8+ 22. Ke2 Be4 23. Nd2 Bc6 24. Rd1 h6 25. g3 g5 26. Rf1 Be8 27.
Ke3 Bg6 28. Nf3 Rd3+ 29. Ke2 Rd5 30. Nd4 gxf4 31. gxf4 Rh5 32. Rf2 Rh3 33. Kd2
e5 34. fxe5 fxe5 35. Ne2 Rd3+ 36. Ke1 Ke6 37. Ng3 h5 38. Rd2 h4 39. Rxd3 Bxd3
40. Ne2 Kf5 41. Ng1 Kf4 42. Kf2 Bf5 43. Nf3 h3 44. Nd2 Bd3 45. Nf3 e4 46. Nd4
e3+ 47. Ke1 Bg6 48. Ne6+ Ke5 49. Nd8 b6 50. Nc6+ Ke4 51. Nxa7 Kf3 52. Nc8 Kg2
53. Nxb6 Kxh2 54. Nd5 Kg1 0-1

[Event "IX American Continental Classical Championship 201"]
[Site "Hotel Pipa AtlÃ¢ntico - Praia da Pipa - Rio Grande"]
[Date "2014.10.21"]
[Round "5"]
[Board "10"]
[White "Bachmann, Axel"]
[Black "Martinez Alcantara, Jose Eduar"]
[Result "1/2-1/2"]
[WhiteElo "2645"]
[BlackElo "2440"]
[PlyCount "73"]
[EventDate "2014.10.18"]
[EventRounds "11"]
[EventCountry "BRA"]

1. d4 Nf6 2. Nf3 c5 3. d5 e6 4. c4 exd5 5. cxd5 d6 6. Nc3 g6 7. Bf4 Bg7 8. Qa4+
Bd7 9. Qb3 Qc7 10. e4 O-O 11. Be2 Nh5 12. Be3 a6 13. a4 Bg4 14. h3 Bxf3 15.
Bxf3 c4 16. Qb4 Nd7 17. Be2 Rac8 18. O-O Rfe8 19. Bxh5 gxh5 20. Bf4 Ne5 21.
Bxe5 Bxe5 22. Rae1 Qc5 23. Qxb7 Rb8 24. Qd7 Qc8 25. Qxc8 Rexc8 26. Re2 Rb4 27.
f4 Bxc3 28. bxc3 Rxa4 29. e5 Ra5 30. Rd1 Ra3 31. Re3 Kf8 32. Rd4 Ke7 33. e6 f5
34. Rg3 Kf6 35. Re3 Ke7 36. Rg3 Kf6 37. Re3 1/2-1/2

[Event "IX American Continental Classical Championship 201"]
[Site "Hotel Pipa AtlÃ¢ntico - Praia da Pipa - Rio Grande"]
[Date "2014.10.21"]
[Round "5"]
[Board "11"]
[White "Bruzon Batista, Lazaro"]
[Black "Acosta, Pablo Ismael"]
[Result "1-0"]
[WhiteElo "2679"]
[BlackElo "2300"]
[PlyCount "65"]
[EventDate "2014.10.18"]
[EventRounds "11"]
[EventCountry "BRA"]

1. d4 d5 2. c4 e6 3. Nf3 Be7 4. g3 Nf6 5. Bg2 O-O 6. O-O Nbd7 7. Qc2 Ne4 8. b3
a5 9. Bb2 c6 10. Nfd2 f5 11. Nxe4 dxe4 12. Nc3 b5 13. f3 Bf6 14. fxe4 Bxd4+ 15.
Kh1 b4 16. Na4 Bxb2 17. Qxb2 Nb6 18. Nc5 Qe7 19. Qe5 a4 20. Nd3 Nd7 21. Qc7
axb3 22. axb3 Rxa1 23. Rxa1 fxe4 24. Bxe4 Qf6 25. Rb1 c5 26. Bg2 Qd4 27. Rf1
Rxf1+ 28. Bxf1 Qe4+ 29. Kg1 Bb7 30. Qxd7 Qh1+ 31. Kf2 Qxh2+ 32. Ke1 Qxg3+ 33.
Kd2 1-0

[Event "IX American Continental Classical Championship 201"]
[Site "Hotel Pipa AtlÃ¢ntico - Praia da Pipa - Rio Grande"]
[Date "2014.10.21"]
[Round "5"]
[Board "12"]
[White "Alarcon Bahamondes, Roberto"]
[Black "Hernandez Guerrero, Gilberto"]
[Result "0-1"]
[WhiteElo "2276"]
[BlackElo "2531"]
[PlyCount "110"]
[EventDate "2014.10.18"]
[EventRounds "11"]
[EventCountry "BRA"]

1. d4 Nf6 2. c4 c5 3. d5 g6 4. Nc3 Bg7 5. Nf3 O-O 6. e4 d6 7. h3 e6 8. Be2 exd5
9. exd5 Bf5 10. O-O Ne4 11. Nxe4 Bxe4 12. Ng5 Re8 13. Bg4 Bf6 14. Nxe4 Rxe4 15.
Qb3 Na6 16. Bd2 Rb8 17. Rae1 Rxe1 18. Rxe1 Bd4 19. Qg3 b5 20. cxb5 Rxb5 21. b3
Nb4 22. Bf4 Rb6 23. Bd2 Rb8 24. Bf4 Rb6 25. Bd2 Be5 26. Rxe5 dxe5 27. Qxe5 Rd6
28. Bh6 f6 29. Qe3 Nxd5 30. Qxc5 a6 31. Bf3 g5 32. h4 gxh4 33. Qc4 Kh8 34. Qxh4
Ne7 35. Qc4 Qg8 36. Qc5 Qe6 37. Be3 Kg7 38. Bg4 Qe5 39. Qc1 Rc6 40. Qd1 Nd5 41.
Bd4 Qc7 42. Bb2 Rc2 43. Qd4 Qf4 44. Qxf4 Nxf4 45. Bd4 Ne2+ 46. Bxe2 Rxe2 47. a3
Rd2 48. Be3 Rd3 49. b4 Rxa3 50. g4 Rc3 51. g5 Rc4 52. gxf6+ Kxf6 53. Bd2 Kf5
54. Kg2 Ke4 55. Kg3 Kd3 0-1

[Event "IX American Continental Classical Championship 201"]
[Site "Hotel Pipa AtlÃ¢ntico - Praia da Pipa - Rio Grande"]
[Date "2014.10.21"]
[Round "5"]
[Board "13"]
[White "El Debs, Felipe De Cresce"]
[Black "Sztokbant, Bernardo Vainzoff"]
[Result "1-0"]
[WhiteElo "2514"]
[BlackElo "2271"]
[PlyCount "75"]
[EventDate "2014.10.18"]
[EventRounds "11"]
[EventCountry "BRA"]

1. d4 d5 2. c4 e6 3. Nc3 Be7 4. cxd5 exd5 5. Bf4 c6 6. e3 Bf5 7. g4 Be6 8. h3
Nd7 9. Bd3 h5 10. Qf3 Qb6 11. O-O-O hxg4 12. hxg4 Rxh1 13. Qxh1 Bxg4 14. Rd2
Ndf6 15. Nf3 O-O-O 16. Qg2 g6 17. Ng5 Nh6 18. Be5 Bd7 19. Rc2 Qa5 20. Kb1 Nfg4
21. Bf4 Bf5 22. Bxf5+ gxf5 23. f3 Nf6 24. Qh1 Bf8 25. Rh2 Nfg8 26. Nh7 Bg7 27.
Rg2 Bh8 28. Bxh6 Nxh6 29. Qxh6 Qa6 30. Kc2 Qf1 31. Qh3 Kc7 32. Qg3+ Kc8 33. Rg1
Qc4 34. Qf4 Qa6 35. Qxf5+ Kb8 36. Qxf7 Qb6 37. Rg8 Kc8 38. Qe6+ 1-0

[Event "IX American Continental Classical Championship 201"]
[Site "Hotel Pipa AtlÃ¢ntico - Praia da Pipa - Rio Grande"]
[Date "2014.10.21"]
[Round "5"]
[Board "15"]
[White "Krysa, Leandro"]
[Black "Teixeira, Ricardo Da Silva"]
[Result "1-0"]
[WhiteElo "2446"]
[BlackElo "2220"]
[PlyCount "60"]
[EventDate "2014.10.18"]
[EventRounds "11"]
[EventCountry "BRA"]

1. d4 e6 2. c4 f5 3. Nf3 Nf6 4. g3 Be7 5. Bg2 O-O 6. O-O d6 7. Nc3 a5 8. b3 Ne4
9. Bb2 Nxc3 10. Bxc3 Bf6 11. Qc2 Nc6 12. Rad1 Qe8 13. Qb2 e5 14. dxe5 dxe5 15.
e4 f4 16. gxf4 exf4 17. e5 Be7 18. e6 Qg6 19. Rfe1 Bxe6 20. Nh4 Bxh4 21. Rxe6
Bf6 22. Kh1 Rae8 23. Rxe8 Qxe8 24. Rg1 Qe7 25. Bxf6 Qxf6 26. Qxf6 Rxf6 27. Re1
g6 28. Re8+ Kg7 29. Rc8 f3 30. Rxc7+ Kh6 {resto ilegÃ­vel} 1-0

[Event "IX American Continental Classical Championship 201"]
[Site "Hotel Pipa AtlÃ¢ntico - Praia da Pipa - Rio Grande"]
[Date "2014.10.21"]
[Round "5"]
[Board "16"]
[White "Mesias Rojas, Rabindranath"]
[Black "Leiva, Giuseppe"]
[Result "0-1"]
[WhiteElo "2209"]
[BlackElo "2409"]
[PlyCount "66"]
[EventDate "2014.10.18"]
[EventRounds "11"]
[EventCountry "BRA"]

1. e4 c5 2. Nf3 d6 3. Bb5+ Bd7 4. Bxd7+ Qxd7 5. O-O Nc6 6. c3 Nf6 7. d4 Nxe4 8.
d5 Ne5 9. Re1 Nf6 10. Nxe5 dxe5 11. Rxe5 e6 12. c4 O-O-O 13. Nc3 Bd6 14. Re1
exd5 15. Nxd5 Qf5 16. Be3 Nxd5 17. cxd5 Bc7 18. Qa4 a6 19. Bxc5 Rxd5 20. Be3
Kb8 21. Rac1 Rhd8 22. Qc4 R8d7 23. b4 h5 24. a4 Qg4 25. Qxg4 hxg4 26. Rc4 f5
27. g3 b6 28. Kg2 Kb7 29. Rec1 Be5 30. Bf4 Bxf4 31. Rxf4 b5 32. axb5 axb5 33.
Re1 g5 0-1

[Event "IX American Continental Classical Championship 201"]
[Site "Hotel Pipa AtlÃ¢ntico - Praia da Pipa - Rio Grande"]
[Date "2014.10.21"]
[Round "5"]
[Board "17"]
[White "Araujo, Jose Roberto"]
[Black "Roselli Mailhe, Bernardo"]
[Result "1/2-1/2"]
[WhiteElo "2205"]
[BlackElo "2404"]
[PlyCount "82"]
[EventDate "2014.10.18"]
[EventRounds "11"]
[EventCountry "BRA"]

1. d4 Nf6 2. c4 Nc6 3. Nf3 e6 4. a3 d6 5. Nc3 g6 6. e4 Bg7 7. Be2 O-O 8. O-O e5
9. d5 Ne7 10. b4 Ne8 11. c5 f5 12. cxd6 cxd6 13. Bd2 Nf6 14. Re1 fxe4 15. Ng5
h6 16. Ngxe4 Nxe4 17. Nxe4 Nf5 18. b5 Rf7 19. Bb4 Bf8 20. Bd3 Kh7 21. Ng3 Nxg3
22. hxg3 Bf5 23. Rc1 Qb6 24. Rc2 Be7 25. g4 Bxd3 26. Qxd3 Raf8 27. Rf1 Bh4 28.
g3 e4 29. Qc3 Bd8 30. Re2 Re8 31. a4 Bf6 32. Qb3 Bd4 33. Kg2 Ref8 34. Qc4 Rc7
35. Qb3 Rcf7 36. Qc4 Rc7 37. Qb3 Rf3 38. Qd1 Rd3 39. Qb1 Be5 40. Rxe4 Rxd5 41.
Rd1 Rxd1 1/2-1/2

[Event "IX American Continental Classical Championship 201"]
[Site "Hotel Pipa AtlÃ¢ntico - Praia da Pipa - Rio Grande"]
[Date "2014.10.21"]
[Round "5"]
[Board "18"]
[White "Andrade, Roberto Luiz Costa"]
[Black "Santiago, Yago De Moura"]
[Result "0-1"]
[WhiteElo "2200"]
[BlackElo "2397"]
[PlyCount "100"]
[EventDate "2014.10.18"]
[EventRounds "11"]
[EventCountry "BRA"]

1. e4 e6 2. d4 d5 3. Nc3 Nf6 4. Bg5 Be7 5. e5 Nfd7 6. Bxe7 Qxe7 7. f4 O-O 8.
Qd2 c5 9. Nf3 Nc6 10. dxc5 Nxc5 11. O-O-O a6 12. Ne2 b5 13. Ned4 Nxd4 14. Nxd4
Bb7 15. Kb1 Ne4 16. Qe3 b4 17. Bd3 a5 18. Bxe4 dxe4 19. Nb5 a4 20. Nd6 b3 21.
cxb3 axb3 22. a3 Bd5 23. Rhe1 f5 24. h3 Ra4 25. g4 fxg4 26. hxg4 Qc7 27. Rd2
Ra6 28. Rc1 Rc6 29. Rxc6 Qxc6 30. f5 Bc4 31. Nxe4 exf5 32. gxf5 Rxf5 33. Rd8+
Rf8 34. Rxf8+ Kxf8 35. Qf2+ Kg8 36. Qe3 Be6 37. Ka1 Qc4 38. Qe1 h6 39. Nc3 h5
40. Qf2 h4 41. Qg2 h3 42. Qa8+ Kh7 43. Qh1 Qf4 44. Qb1+ Bf5 45. Qd1 Qxe5 46.
Qxb3 Qe1+ 47. Qd1 Qxd1+ 48. Nxd1 h2 49. Nf2 Be4 50. a4 g5 0-1

[Event "IX American Continental Classical Championship 201"]
[Site "Hotel Pipa AtlÃ¢ntico - Praia da Pipa - Rio Grande"]
[Date "2014.10.21"]
[Round "5"]
[Board "19"]
[White "Ruiz C, Joshua D"]
[Black "Fernandez, Maria Florencia"]
[Result "1-0"]
[WhiteElo "2396"]
[BlackElo "2218"]
[PlyCount "107"]
[EventDate "2014.10.18"]
[EventRounds "11"]
[EventCountry "BRA"]

1. e4 e6 2. Qe2 c5 3. f4 Nc6 4. Nf3 g6 5. c3 Bg7 6. d3 Nge7 7. g3 O-O 8. Bg2
Rb8 9. Be3 d6 10. a4 a6 11. O-O b5 12. axb5 axb5 13. Qc2 Bb7 14. Nbd2 Ra8 15.
Qb3 Ra5 16. Bf2 Qc7 17. Rxa5 Qxa5 18. e5 dxe5 19. fxe5 Nxe5 20. Nxe5 Bxg2 21.
Kxg2 Bxe5 22. Bxc5 Qc7 23. Bxe7 Qxe7 24. Qxb5 Bg7 25. Qc6 Qa7 26. Nc4 Qa2 27.
Rf2 Qb1 28. Qd7 h5 29. h4 Bh8 30. Nd2 Qxb2 31. Ne4 Qb8 32. Ng5 Qa8+ 33. Kg1
Qa1+ 34. Kg2 Qa8+ 35. Kh2 Qe8 36. Rxf7 Qxd7 37. Rxd7 Bxc3 38. Nxe6 Rf2+ 39. Kh3
Rf1 40. Nf4 Be1 41. Re7 Bb4 42. Re6 Kf7 43. Rb6 Be1 44. Rb1 Rg1 45. Kh2 Rf1 46.
Kg2 Rf2+ 47. Kg1 Rf3 48. Rxe1 Rxg3+ 49. Kf2 Rg4 50. Ng2 Rd4 51. Re3 Kf6 52.
Rf3+ Ke5 53. Ke3 Rg4 54. Nf4 1-0